| 000 | 00638nam a22002177a 4500 | ||
|---|---|---|---|
| 999 |
_c7940 _d7940 |
||
| 003 | AR-CdUCM | ||
| 008 | 190321b ||||| |||| 00| 0 spa d | ||
| 040 |
_aMUNICIPALIDAD PROVINCIAL DEL CUSCO _cBIBLIOTECA MUNICIPAL DEL CUSCO |
||
| 082 |
_a530.12 / _bP77 |
||
| 100 |
_aPonomariov, L. _922436 |
||
| 245 | _aAlrededor del cuanto / | ||
| 260 |
_aMoscu : _bMir, _c1974. |
||
| 300 |
_a295 paginas ; _c20 cm. |
||
| 505 | _aContenido :Alrededor del cuanto. | ||
| 650 |
_aSocialismo y capitalismo _922437 |
||
| 650 |
_aImperialismo _93454 |
||
| 650 |
_aEconomia _9382 |
||
| 700 |
_aLiminnik, E. _922438 |
||
| 942 |
_2ddc _cLIBROS |
||
| 945 | _arum | ||